| 000 | 00651cam a2200217 i 4500 | ||
|---|---|---|---|
| 001 | 801260 | ||
| 005 | 20180314045448.0 | ||
| 008 | 751117s1976 nyua b 001 0 eng | ||
| 010 | _a 75040155 | ||
| 020 | _a0471446297 | ||
| 040 |
_aDLC _cDLC _dDLC |
||
| 041 | _aeng | ||
| 080 | _a624/.182 joh | ||
| 082 | 0 | 0 | _a624/.182 joh |
| 100 | _a26 | ||
| 101 | _amec | ||
| 245 | 1 | 0 |
_aGuide to stability design criteria for metal structures / _cStructural Stability Research Council ; edited by Bruce G. Johnston. |
| 504 | _aIncludes bibliographical references and indexes. | ||
| 906 |
_a7 _bcbc _corignew _d1 _eocip _f19 _gy-gencatlg |
||
| 942 |
_2ddc _cBK |
||
| 999 |
_c44960 _d44960 |
||